00713nam a2200229Ia 450000500170000000800410001702000180005804100120007608200160008810000170010424500490012126000530017030000200022344000800024365000230032365000290034665000200037565000210039565000190041665000280043570000200046320260429112306.0260429s9999||||xx |||||||||||||| ||und|| a9781782620433 aEnglish a551.48bCAL aCalza, Paola 0aSurface water photochemistry / cPaola Calza aCambridge : bRoyal Society of Chemistry,c2016. axii, 297 p.; hb aComprehensive Series in Photochemical & Photobiological Sciences, Volume 12 a Aquatic chemistry a Environmental chemistry a Photochemistry a Water pollution a Water quality aSurface water chemistry a Vione, Davide